000 00606nam a2200181Ia 4500
003 GCL
008 140319s9999 xx 000 0 ara d
040 _aGCL /
_cGCL
082 0 4 _a721
_bم ع
100 1 _aمحمد شهاب أحمد
245 1 0 _aالعمارة : قواعد واساليب تقييم المبنى /
_cمحمد شهاب أحمد
260 _aالاردن :
_bدار مجدلاوى للنشر والتوزيع ،
_c1995
300 _a176ص ؛
_c24 سم
490 _aكتاب
_v0
650 0 4 _aالعمارة
650 0 4 _aتصميمات الرسم المعمارى
942 _2ddc
_cBK
999 _c43248
_d43248